Cien años de educación parvularia en el sistema público: El primer kindergarten fiscal 1906-2006
Պահպանված է:
| Հիմնական հեղինակ: | |
|---|---|
| Ձևաչափ: | Գիրք |
| Լեզու: | իսպաներեն |
| Հրապարակվել է: |
Santiago
Universidad Central de Chile
2006
|
| Խորագրեր: | |
| Ցուցիչներ: |
Ավելացրեք ցուցիչ
Չկան պիտակներ, Եղեք առաջինը, ով նշում է այս գրառումը!
|
MARC
| LEADER | 00000nam a2200000 a 4500 | ||
|---|---|---|---|
| 001 | UCJ2268 | ||
| 003 | CL-VaPUC | ||
| 008 | 061201e20060000CL |||||||||||||||||spa|d | ||
| 020 | |a 9567134782 | ||
| 082 | 0 | 4 | |a 372.21 |b PER |2 21 |
| 100 | 0 | |a Peralta Espinosa, María Victoria |e author |9 503239 | |
| 245 | 1 | 0 | |a Cien años de educación parvularia en el sistema público: El primer kindergarten fiscal 1906-2006 |
| 300 | |a 51 p | ||
| 942 | |c BK | ||
| 945 | |d 20061201 00:00:00 |a jtorresc | ||
| 260 | |a Santiago |b Universidad Central de Chile |c 2006 | ||
| 650 | 0 | |a Educación preescolar |9 260381 | |
| 650 | 0 | |a Métodos de enseñanza |9 270413 | |
| 650 | 0 | |a Historia de la educación |9 257642 | |
| 650 | 0 | |a Sociología de la educación |9 260380 | |
| 583 | |a last modification |c 20061201 00:00:00 |k Rodrigo Vera | ||
| 999 | |c 318618 |d 318616 | ||
| 952 | |0 0 |1 0 |4 0 |6 372_210000000000000_PER_2006 |7 0 |8 A |9 396559 |a BIBEDU |b BIBEDU |c ES_NOD |d 2019-11-22 |i 4304179 |o 372.21 PER 2006 |p 4304179 |r 2023-08-09 |w 2019-11-22 |y BK |k PAR | ||